1: Sul dorso di un'idea /

I lettori comuni siamo tutti noi. Ma lettrice comune si autodefinisce anche nella breve introduzione Virgilia Woolf, che qui affronta la lettura di buona parte della letteratura inglese libera dai condizionamenti che potrebbero influenzare qualunque addetto ai lavori. La Woolf si interroga sul compi...

Celý popis

Uloženo v:
Podrobná bibliografie
Hlavní autor: Woolf, Virginia (Autor)
Médium: Kniha
Jazyk:italština
Vydáno: Genova : Il melangolo, \1995!
Edice:Lecturae ; 13
Témata:
Tagy: Přidat tag
Žádné tagy, Buďte první, kdo vytvoří štítek k tomuto záznamu!

MARC

LEADER 00000nam a22000007ib4500
001 IT\ICCU\LO1\0380692
003 ItRI
005 20250731130625.0
008 951031s1995 it |||||| ||||| |||||c
020 |a 8870182827 
040 |b ita  |c ct 
041 7 |a ita  |2 ISO-639-2 
082 |a 809  |2 20 
100 1 |a Woolf, Virginia  |0 IT\ICCU\CFIV\016490  |4 aut 
245 1 3 |a 1: Sul dorso di un'idea /  |c Virginia Woolf. 
260 |a Genova :  |b Il melangolo,  |c \1995! 
300 |a 273 p. ;  |c 20 cm 
520 |a I lettori comuni siamo tutti noi. Ma lettrice comune si autodefinisce anche nella breve introduzione Virgilia Woolf, che qui affronta la lettura di buona parte della letteratura inglese libera dai condizionamenti che potrebbero influenzare qualunque addetto ai lavori. La Woolf si interroga sul compito del lettore, ma anche su quello dello scrittore, del recensore e del critico. 
650 7 |a LETTERATURA INGLESE  |x Critica letteraria  |2 scbi 
773 0 |w IT\ICCU\LO1\0380688  |t Il lettore comune  |g 1  |a Woolf, Virginia  |0 IT\ICCU\CFIV\016490 
830 0 |a Lecturae ;  |v 13  |0 IT\ICCU\RAV\0193135 
942 |2 ddc  |c BK 
952 |0 0  |1 0  |2 ddc  |4 0  |6 B_SCR03WOOVILET11  |7 0  |9 7894  |a MI  |b MI  |d 2013-09-16  |i 6561  |l 0  |o B-SCR03-WOOVI-LET11  |p CDOM6561  |r 2025-07-13 16:28:49  |w 2025-07-13  |x DONO  |y BK 
952 |0 0  |1 0  |2 ddc  |4 0  |7 0  |9 7895  |a MI  |b MI  |d 2013-09-16  |l 0  |r 2025-07-13 16:28:49  |w 2025-07-13  |y BK 
952 |0 0  |1 0  |2 ddc  |4 0  |6 B_SCR03WOOVILET12  |7 0  |9 7896  |a MI  |b MI  |d 2013-09-16  |i 6562  |l 0  |o B-SCR03-WOOVI-LET12  |p CDOM6562  |r 2025-07-13 16:28:49  |w 2025-07-13  |x DONO  |y BK 
981 1 |6 z01  |a i   |b xxxe  
982 1 |6 z01  |a n 
999 |c 6565  |d 6565